| 000 | 00759nam a2200253 a 4500 | ||
|---|---|---|---|
| 001 | 991013310099707486 | ||
| 003 | Co-PeBPM | ||
| 005 | 20240305191514.0 | ||
| 008 | 240305e2012 |||||||| |||| 000 0 spa d | ||
| 020 | _a9580611998 | ||
| 040 |
_aCo-PeBPM _bspa _cCo-PeBPM _erda |
||
| 082 | 0 | 4 |
_a338.54 G748g _222 |
| 100 |
_a Stiglitz, Joseph E. _d1943- |
||
| 245 | 1 | 0 |
_aLa gran recesión mundial _b: respuestas _c/ Joseph Stiglitz. |
| 250 | _aPrimera edición | ||
| 260 |
_aBogotá _b: Editorial La Oveja Negra _c; 2012 |
||
| 300 |
_a188 páginas _c; 22 centímetros |
||
| 500 | _aIncluye tabla de contenido | ||
| 650 | _aCrisis económica | ||
| 650 | _aEconomía internacional | ||
| 650 | _aMercado monetario | ||
| 942 |
_2ddc _cBK _n0 |
||
| 949 |
_an _bn |
||
| 999 |
_c26584 _d26584 |
||